Missing Word: 'Basketball' Movies Quiz Stats

Quiz Updated Apr 12, 2015

Challenge
Share
Tweet
Embed
Score 0/20 Timer 03:00
0 Plays Today
Movie Word % Correct
White Men Can't _____🏀 Jump
96.4%
The _____ and the Furious🏀 Fast
91.7%
The _____ Sense🏀 Sixth
87.1%
Vantage _____ 🏀 Point 🏀
82.6%
_____ of SteelMan 🏀
82.5%
Walk the _____ 🏀 Line 🏀
82.3%
Monster's _____Ball 🏀
81.4%
Pay It _____ Forward 🏀
80.7%
The Ides of _____🏀 March
80.2%
_____ Treasure🏀 National 🏀
79.2%
Movie Word % Correct
Point _____ Break 🏀
67.4%
Slap _____🏀 Shot
66.3%
Guilty By _____ 🏀 Association 🏀
62.9%
Reign _____ MeOver 🏀
60%
The _____ Diaries🏀 Basketball 🏀
59.3%
The Next _____ Days🏀 Three 🏀
56.1%
The _____ of King GeorgeMadness 🏀
52.3%
Ticking _____Clock 🏀
52%
_____ Town Murder Songs🏀 Small
37.3%
Wrong _____ 🏀 Turn
37.1%

Today's Daily Dose

Missing Word
Fruity Song Titles

Quick Pick
Double Blanks

On This Day
June 22nd II

You're not logged in!

Compare scores with friends on all Sporcle quizzes.
Join for Free
OR
Log In

You Might Also Like...

Show Comments

Extras

Top Quizzes Today


Score Distribution

Your Account Isn't Verified!

In order to create a playlist on Sporcle, you need to verify the email address you used during registration. Go to your Sporcle Settings to finish the process.

Report this User

Report this user for behavior that violates our Community Guidelines.

Details: